<?xml version="1.0" encoding="UTF-8"?>
<record
    xmlns:xsi="http://www.w3.org/2001/XMLSchema-instance"
    xsi:schemaLocation="http://www.loc.gov/MARC21/slim http://www.loc.gov/standards/marcxml/schema/MARC21slim.xsd"
    xmlns="http://www.loc.gov/MARC21/slim">

  <leader>00726nam a22002177a 4500</leader>
  <controlfield tag="003">OSt</controlfield>
  <controlfield tag="005">20260506155541.0</controlfield>
  <controlfield tag="008">260506b        |||||||| |||| 00| 0 eng d</controlfield>
  <datafield tag="020" ind1=" " ind2=" ">
    <subfield code="a">9789719823223</subfield>
  </datafield>
  <datafield tag="040" ind1=" " ind2=" ">
    <subfield code="c">HS LRC</subfield>
  </datafield>
  <datafield tag="050" ind1=" " ind2=" ">
    <subfield code="a">BL 48 </subfield>
    <subfield code="b">.C817 2024.</subfield>
  </datafield>
  <datafield tag="100" ind1=" " ind2=" ">
    <subfield code="a">Conrad, Victoria D. </subfield>
    <subfield code="9">131728</subfield>
  </datafield>
  <datafield tag="245" ind1=" " ind2=" ">
    <subfield code="a">Religions, religious experiences and spirituality :</subfield>
    <subfield code="b">towards a deeper relationship with God /</subfield>
    <subfield code="c">Victoria D. Conrad, EdD and Genevieve Balance-Kupang, PhD</subfield>
  </datafield>
  <datafield tag="260" ind1=" " ind2=" ">
    <subfield code="a">Quezon City :</subfield>
    <subfield code="b">C&amp;E Publishing, </subfield>
    <subfield code="c">c2024.</subfield>
  </datafield>
  <datafield tag="300" ind1=" " ind2=" ">
    <subfield code="a">xii, 273 p. : </subfield>
    <subfield code="b">ill. ;</subfield>
    <subfield code="c">22 cm.</subfield>
  </datafield>
  <datafield tag="365" ind1=" " ind2=" ">
    <subfield code="b">395.00</subfield>
  </datafield>
  <datafield tag="504" ind1=" " ind2=" ">
    <subfield code="a">includes bibliography.</subfield>
  </datafield>
  <datafield tag="650" ind1=" " ind2=" ">
    <subfield code="a">Religions. </subfield>
  </datafield>
  <datafield tag="700" ind1=" " ind2=" ">
    <subfield code="a">Genevieve Balnce-Kupang, PhD</subfield>
    <subfield code="9">131729</subfield>
  </datafield>
  <datafield tag="942" ind1=" " ind2=" ">
    <subfield code="2">lcc</subfield>
    <subfield code="c">BK</subfield>
  </datafield>
  <datafield tag="952" ind1=" " ind2=" ">
    <subfield code="0">0</subfield>
    <subfield code="1">0</subfield>
    <subfield code="2">lcc</subfield>
    <subfield code="4">0</subfield>
    <subfield code="7">0</subfield>
    <subfield code="8">FRC</subfield>
    <subfield code="a">DLSU-D HS</subfield>
    <subfield code="b">DLSU-D HS</subfield>
    <subfield code="c">FC</subfield>
    <subfield code="d">2025-06-24</subfield>
    <subfield code="e">HS LRC SY 2024-2025</subfield>
    <subfield code="g">395.00</subfield>
    <subfield code="i">CIR-002599</subfield>
    <subfield code="l">0</subfield>
    <subfield code="o">BL 48  .C817 2024.</subfield>
    <subfield code="p">3HS00000002599</subfield>
    <subfield code="r">2026-05-06 15:57:41</subfield>
    <subfield code="t">002599</subfield>
    <subfield code="v">395.00</subfield>
    <subfield code="w">2026-05-06</subfield>
    <subfield code="y">BK</subfield>
  </datafield>
  <datafield tag="999" ind1=" " ind2=" ">
    <subfield code="c">94125</subfield>
    <subfield code="d">94125</subfield>
  </datafield>
</record>
